Expressions "comme" quelque chose #2 - Statistiques

Statistiques générales
  • Ce quiz a été pris 14 070 fois
  • Le résultat moyen est 12 sur 24
Statistiques - réponses
Expression % Correct
{Haut} comme trois pommes
91%
{Doux} comme un agneau
83%
{Clair} comme de l'eau de roche
82%
{Droit} comme un i
82%
{Rusé} comme un renard
80%
{Malin} comme un singe
73%
{Muet} comme une tombe
72%
{Beau} comme un camion
70%
{Fondre} comme neige au soleil
69%
{Dormir} comme une marmotte
60%
{Frais} comme un gardon
56%
{Rouge} comme une pivoine
49%
{Gros} comme une maison
45%
{Sourd} comme un pot
44%
{Fauché} comme les blés
40%
{Bavard} comme une pie
37%
{Tourner} comme un lion en cage
37%
{Aimable} comme une porte de prison
36%
{Vieux} comme le monde
34%
{Fier} comme Artaban
24%
{Malade} comme un chien
19%
{Fin} comme du gros sel
18%
{Maigre} comme un coucou
18%
{Aboyer} comme un roquet
15%
Aucun quiz correspondant
Distribution des résultats
% des personnes avec chaque résultat
Percentile par nombre de réponses
Votre historique - résultats
Vous n’avez pas pris ce quiz